000
00231nam a22000857a 4500
008
170301b xxu||||| |||| 00| 0 eng d
100
_9
2981
_a
Blamires.H
245
_a
The Penguin Guide to Plain English
260
_a
New York
_b
Penguin
_c
2000
999
_c
6225
_d
6225